Better than the real thing (Record no. 78458)
[ view plain ]
| 000 -LEADER | |
|---|---|
| fixed length control field | 01013cab a2200205 4500 |
| 001 - CONTROL NUMBER | |
| control field | L136832 |
| 008 - FIXED-LENGTH DATA ELEMENTS--GENERAL INFORMATION | |
| fixed length control field | 070227n2007 000 0 eng u |
| 035 ## - SYSTEM CONTROL NUMBER | |
| System control number | (Sirsi) u136832 |
| 041 0# - LANGUAGE CODE | |
| Language code of text/sound track or separate title | eng |
| 100 1# - MAIN ENTRY--PERSONAL NAME | |
| Personal name | Stewart, Dan |
| 245 00 - TITLE STATEMENT | |
| Title | Better than the real thing |
| 260 ## - PUBLICATION, DISTRIBUTION, ETC. | |
| Date of publication, distribution, etc. | 2007 |
| 490 #0 - SERIES STATEMENT | |
| Series statement | Building |
| Volume/sequential designation | 272(8468) 23 February 2007, 49-49(4) |
| 520 ## - SUMMARY, ETC. | |
| Summary, etc. | Reports on the world's first virtual reality building site, based in the Netherlands. The Building Management Simulation Centre (BMSC) combines actors, sound effects and virtual technology to help trainee site managers learn their trade. The BMSC deals with the consequences of management decisions, giving trainees the chance to see the results of their mistakes. The first British BMSC is due to open at Coventry University in autumn 2008. Article includes feedback from users of the Netherlands BMSC. |
| 590 ## - LOCAL NOTE (RLIN) | |
| Local note | KA |
| 651 #4 - SUBJECT ADDED ENTRY--GEOGRAPHIC NAME | |
| Geographic name | United Kingdom |
| Chronological subdivision | |
| 690 ## - LOCAL SUBJECT ADDED ENTRY--TOPICAL TERM (OCLC, RLIN) | |
| Topical term or geographic name as entry element | Project management |
| 9 (RLIN) | 6261 |
| 690 ## - LOCAL SUBJECT ADDED ENTRY--TOPICAL TERM (OCLC, RLIN) | |
| Topical term or geographic name as entry element | Construction management |
| 9 (RLIN) | 6230 |
| 942 ## - ADDED ENTRY ELEMENTS (KOHA) | |
| Suppress in OPAC | 0 |
| Withdrawn status | Lost status | Source of classification or shelving scheme | Damaged status | Not for loan | Home library | Current library | Shelving location | Date acquired | Total Checkouts | Full call number | Barcode | Date last seen | Copy number | Price effective from | Koha item type |
|---|---|---|---|---|---|---|---|---|---|---|---|---|---|---|---|
| Dewey Decimal Classification | London | London | Journal article | 27/02/2007 | L136832 | 136832-1001 | 06/08/2019 | 1 | 06/08/2019 | Journal article |